|
|
|
|
| LEADER |
00000nab a2200000 a 4500 |
| 001 |
vtls000222083 |
| 003 |
SK-MaSNL |
| 005 |
20260304055825.0 |
| 008 |
250422c1985 xo 0 slo |
| 015 |
|
|
|a SNBRB19rr/mm-uuuuu
|
| 035 |
|
|
|a CL0232197
|
| 035 |
|
|
|a urn:nbn:sk:snk-abbeu6
|
| 035 |
|
|
|a (urnnbn)urn:nbn:sk:snk:ar-000mpj
|
| 035 |
|
|
|a (uuid)2cb00021-1ad6-4b79-b5eb-b725677fa769
|
| 040 |
|
|
|a SNKBUCL
|b slo
|c SNKBUCL
|e AACR2
|
| 041 |
0 |
|
|a slo
|
| 044 |
|
|
|a xo
|c SK
|
| 080 |
|
|
|a 01(437.6)
|2 1981
|
| 080 |
|
|
|a 016
|2 1981
|
| 100 |
1 |
|
|a Budinská, Soňa,
|d 1950-
|4 aut
|9 7789
|
| 245 |
1 |
0 |
|a Koordinácia bibliografickej činnosti na Slovensku
|b (Bibliografický prehľad)
|c Soňa Budinská
|
| 300 |
|
|
|b Lit. 34 zázn. v slov., češ., ruš.
|
| 650 |
0 |
7 |
|a bibliografia
|2 snkbucl
|9 24254
|
| 655 |
|
7 |
|a články z novín a časopisov
|2 snkbucl
|9 267496
|
| 655 |
|
7 |
|a články z odboru knihovníctvo
|2 snkbucl
|9 166141
|
| 773 |
0 |
|
|t Čitateľ
|g Roč. 34, č. 7-8 (1985), s. 268-269
|
| 850 |
|
|
|a Slovenská národná knižnica
|
| 852 |
|
|
|a Slovenská národná knižnica
|
| 954 |
|
|
|a odborná, vedecká literatúra pôvodná (slovenská)
|2 lita
|
| 958 |
|
|
|a article15
|
| 958 |
|
|
|a RK
|
| 958 |
|
|
|a KL
|
| 958 |
|
|
|a SF
|
| 958 |
|
|
|a OND
|
| 958 |
|
|
|a EUIPO
|
| 992 |
|
|
|a RBX
|
| 999 |
|
|
|c 2726413
|d 2728343
|